Effectiveness of Just-In-Time Principle in Today´s Circular Economy and its Negative Effect

Metóda Just-In-Time a cirkulárna ekonomika. Vplyv metódy Just-In-Time na súčasné dodávateľsko-odberateľské vzťahy v Českej republike, ako aj na kvalitu plnenia jej záväzkov. Faktory ovplyvňujúce efektívnosť princípu Just-In-Time.

Salvato in:
Dettagli Bibliografici
Autore principale: Kalinová, Eva
Altri autori: Kostečková, Denisa
Natura: Capitolo di libro
Lingua:inglese
Soggetti:
Tags: Aggiungi Tag
Nessun Tag, puoi essere il primo ad aggiungerne!!

MARC

LEADER 00000naa a2200000 4500
001 0287234
005 20220812101046.1
041 0 |a eng 
044 |a SK 
245 1 0 |a Effectiveness of Just-In-Time Principle in Today´s Circular Economy and its Negative Effect  |c Eva Kalinová, Denisa Kostečková 
520 |a Metóda Just-In-Time a cirkulárna ekonomika. Vplyv metódy Just-In-Time na súčasné dodávateľsko-odberateľské vzťahy v Českej republike, ako aj na kvalitu plnenia jej záväzkov. Faktory ovplyvňujúce efektívnosť princípu Just-In-Time. 
610 2 0 |a hospodárstvo obehové 
610 2 0 |a efektívnosť 
610 2 0 |a proces výrobný 
610 2 0 |a sklady 
610 2 0 |a vzťahy dodávateľsko-odberateľské 
610 2 0 |a produkcia 
610 2 0 |a náklady 
610 2 0 |a Česko 
100 1 |a Kalinová, Eva 
700 1 |a Kostečková, Denisa